000 01073nam a2200253Ia 4500
003 OSt
005 20220918110855.0
006 a|||||r|||| 00| 0
007 ta
008 220915b |||||||| |||| 00| 0 urd d
020 _a8181970020 (hbk)
_c2750
024 _a250600
037 _b558, 23/03/2009, Vani Prakashan
_cReference Collections
040 _aARTS
_cARTS
_burd
041 _2urd
_aurd
082 _aO168,2M79x, 152P4.1-.2(RR)
100 _aआज़मी, अनीस, संपा.
245 0 _aआग़ा हश्र काश्मीरी के चुनिंदा ड्रामे
246 _aĀग़ā hashra kāshmīrī ke chuniandā ḍrāme
260 _aनई दिल्ली
_bराष्ट्रीय नाटय विद्यालय भारत
_c2004
650 _aउर्दू साहित्य
_98970
942 _hO168,2M79x, 152P4.1-.2(RR)
_cREF
999 _c115426
_d115426